| Tag |
First Indicator |
Second Indicator |
Subfields |
| LEADER |
00000cam a2200000 4500 |
| 001 |
in00000043283 |
| 005 |
20151007070940.0 |
| 008 |
751229s1945 pauaf 00010 eng |
| 010 |
|
|
|a 45009712
|
| 035 |
|
|
|a (OCoLC)01904370
|
| 035 |
|
|
|9 AAE5025AM
|
| 040 |
|
|
|a DLC
|c FQG
|d TXA
|d UtOrBLW
|
| 049 |
|
|
|a TXAM
|c 2 [146973]
|
| 050 |
0 |
0 |
|a QD33
|b .L9 1945
|
| 082 |
0 |
|
|a 540
|
| 092 |
|
|
|a 540
|b L967e5
|
| 100 |
1 |
|
|a Luros, Gretchen O.
|
| 245 |
1 |
0 |
|a Essentials of chemistry /
|c by Gretchen O. Luros ... and Florence Oram ... Science adviser, Jean Broadhurst ...
|
| 250 |
|
|
|a 5th ed., rev. and reset.
|
| 264 |
|
1 |
|a Philadelphia,
|a London [etc.] :
|b J. B. Lippincott company,
|c [1945]
|
| 300 |
|
|
|a xxviii, 637 pages :
|b color frontispiece, illustrations, color plates, tables (1 folded) diagrams ;
|c 21 cm.
|
| 336 |
|
|
|a text
|b txt
|2 rdacontent
|
| 337 |
|
|
|a unmediated
|b n
|2 rdamedia
|
| 338 |
|
|
|a volume
|b nc
|2 rdacarrier
|
| 500 |
|
|
|a "Laboratory manual": pages [431]-581.
|
| 650 |
|
0 |
|a Chemistry.
|
| 700 |
1 |
|
|a Oram, Florence.
|
| 700 |
1 |
|
|a Broadhurst, Jean,
|d 1873-1954.
|
| 999 |
|
|
|a MARS
|
| 999 |
f |
f |
|s c40cd46a-5d22-3096-8ee2-f2f8400fff2a
|i 4896ead4-be2f-3527-9d59-6a397597a221
|t 0
|
| 952 |
f |
f |
|p ric
|a Texas A&M University
|b Rellis Campus
|c Joint Library Facility
|d Remote Storage
|t 0
|e QD33 .L9 1945
|h Library of Congress classification
|i unmediated -- volume
|m A14800931761
|
| 998 |
f |
f |
|a QD33 .L9 1945
|t 0
|l Remote Storage
|